00396 2200157 4500001002100000005001500021035002000036245004900056100002000105250000600125300001600131260004500147082001100192084001700203020001800220INLIS00000000000003320260406021748 a0010-04260000331 aPesan Untuk Anak Hebat 99 /cIndriawan Teguh0 aIndriawan Teguh a1 a243 :bIlus aTangerang Selatan :bLeguty Media,c2020 a155.25 a155.25 IND p a9786025583148